The wild goose /

Detalles Bibliográficos
Autor principal: Mori, Ōgai, 1862-1922
Otros Autores: Watson, Burton, 1925-2017
Formato: Libro
Lenguaje:English
Publicado: Ann Arbor : Center for Japanese Studies, University of Michigan, 1995.
Edición:Open access edition.
Colección:Michigan monograph series in Japanese studies ; no. 14
Materias:
Classic Catalogue: View this record in Classic Catalogue
LEADER 01784nam a2200421 a 4500
001 45765
003 BD-DhAAL
005 20260514172400.0
008 260414t1995 miu 000 1 eng
010 |a  95017764  
020 |a  9780939512706 
020 |a 093951270X 
020 |a 0939512718 
020 |a 9780472127467 
020 |a 9780939512713 
035 |a 1615269 
040 |a DLC  |c DLC  |d DLC  |d OCoLC  |d DLC  |d BD-DhAAL 
043 |a a-ja--- 
050 0 0 |a PL811.O7  |b G313 1995 
082 0 0 |a 895.6342  |2 20 
100 1 |a Mori, Ōgai,  |d 1862-1922.  |9 60801 
240 1 0 |a Gan.  |l English 
245 1 4 |a The wild goose /  |c Mori Ōgai ; translated with an introduction by Burton Watson. 
246 3 |a The wild goose 
250 |a Open access edition. 
260 |a Ann Arbor :  |b Center for Japanese Studies, University of Michigan,  |c 1995. 
300 |a xiv, 166 pages ;  |c 23 cm 
440 0 |v no. 14 
490 1 |a Michigan monograph series in Japanese studies ;  |v no. 14 
650 0 |a Medical students  |x Fiction.  |9 60802 
650 0 |a Women  |z Japan  |z Tokyo  |x Fiction.  |9 60803 
651 0 |a Tokyo (Japan)  |x Fiction.  |9 60804 
700 1 |a Watson, Burton,  |d 1925-2017.  |9 60799 
830 |a Michigan monograph series in Japanese studies ;  |v no. 14  |9 60805 
852 1 |a Ayesha Abed Library  |c General Stacks 
942 |2 ddc  |c BK 
999 |c 47969  |d 47969 
952 |0 0  |1 0  |2 ddc  |4 0  |6 895_634200000000000_MOR  |7 0  |9 79216  |a BRACUL  |b BRACUL  |d 2026-05-14  |e Donated by Embassy of Japan in Bangladesh, Read Japan Project 2025, The Tokyo Foundation, supported by The Nippon Foundation.  |l 0  |o 895.6342 MOR  |p 3010045765  |r 2026-05-14  |t 1  |w 2026-05-14  |y BK  |x Donated copy received from Embassy of Japan in Bangladesh, Read Japan Project 2025, The Tokyo Foundation, supported by The Nippon Foundation on 08 April 2026; $7.95